Central Library OPAC University of Rajshahi

Politics among nations : (Record no. 59624)

MARC details
000 -LEADER
fixed length control field 01095namaa2200289 a 4500
001 - CONTROL NUMBER
control field 59624
003 - CONTROL NUMBER IDENTIFIER
rucl marc code BD-RjUL
005 - DATE AND TIME OF LATEST TRANSACTION
control field 20240225103527.0
008 - FIXED-LENGTH DATA ELEMENTS--GENERAL INFORMATION
fixed length control field 161626r19631960||| eng
035 ## - SYSTEM CONTROL NUMBER
System control number (BD-RjUL)59748
040 ## - CATALOGING SOURCE
Original cataloging agency DLC
Language of cataloging eng
Description conventions dacs
Transcribing agency DLC
Modifying agency BD-RjUL
041 ## - LANGUAGE CODE
Language code of text/sound track or separate title eng
082 ## - DEWEY DECIMAL CLASSIFICATION NUMBER
Edition number 23
Classification number 327
Author mark and year MOP 1963
100 1# - MAIN ENTRY--PERSONAL NAME
Personal name Morgenthau, Hans J.
Fuller form of name (Hans Joachim),
Dates associated with a name 1904-1980.
9 (RLIN) 177356
245 00 - TITLE STATEMENT
Title Politics among nations :
Remainder of title the struggle for power and peace /
Inclusive dates 1858-1981
Bulk dates (bulk 1925-1981).
246 ## - VARYING FORM OF TITLE
Remainder of title 3rd.ed.
260 ## - PUBLICATION, DISTRIBUTION, ETC. (IMPRINT)
Place of publication, distribution, etc. New York :
Name of publisher, distributor, etc. Alfred A. Knopf,
Date of publication, distribution, etc. 1960[Reprinted 1963]
300 ## - PHYSICAL DESCRIPTION
Pagination xxi. 630 p. ;
Size 22 cm.
506 1# - RESTRICTIONS ON ACCESS NOTE
Terms governing access Restrictions apply.
544 ## - LOCATION OF OTHER ARCHIVAL MATERIALS NOTE
Materials specified Sound recordings
Provenance transferred to
Custodian Library of Congress Motion Picture, Broadcasting and Recorded Sound Division.
545 0# - BIOGRAPHICAL OR HISTORICAL DATA
Biographical or historical data Political scientist, educator, and author. Born in Germany, emigrated to the United States in 1937.
650 #0 - SUBJECT ADDED ENTRY--TOPICAL TERM
Topical term or geographic name as entry element Detente.
9 (RLIN) 174534
Topical term or geographic name as entry element International relations.
9 (RLIN) 172346
Topical term or geographic name as entry element Political science.
9 (RLIN) 171741
Topical term or geographic name as entry element Vietnam War, 1961-1975.
9 (RLIN) 177385
942 ## - ADDED ENTRY ELEMENTS (KOHA)
Source of classification or shelving scheme Dewey Decimal Classification
Koha item type Books
Holdings
Lost status Source of classification or shelving scheme Damaged status Not for loan Collection code Permanent Location Current Location Shelving location Date acquired Source of acquisition Cost, normal purchase price Full call number Date last seen Copy number Koha item type
  Dewey Decimal Classification   Not For Loan Non-fiction Central Library, University of Rajshahi Central Library, University of Rajshahi Reading Room 19/11/1964 Mirga Book 37.50 327 MOP 1963 26/12/2016 C-1 Books